[Event "Singapore-ch op"]
[Site "Singapore"]
[Date "2010.01.09"]
[Round "1"]
[White "Chan, Yi Ren Daniel"]
[Black "Koh, Jonathan"]
[Result "1-0"]
[WhiteElo "2349"]
[BlackElo "2189"]
[PlyCount "51"]
[EventDate "2010.01.09"]
[EventType "swiss"]
[EventRounds "7"]
[EventCountry "SIN"]
[SourceTitle "CBM 134 Extra"]
[Source "ChessBase"]
[SourceDate "2010.03.03"]
[SourceVersion "1"]
[SourceVersionDate "2010.03.03"]
[SourceQuality "1"]

1. e4 c5 2. Nf3 Nc6 3. d4 cxd4 4. Nxd4 Nf6 5. Nc3 d6 6. Bc4 e6 7. Bb3 Be7 8. Be3 a6 9. Qe2 0-0 10. 0-0-0 Qe8 11. Rhg1 Nd7 12. g4 Nc5 13. Kb1 b5 14. Nxc6 Qxc6 15. Nd5 Bd8 16. g5 Kh8 17. Qh5 Bb7 18. Rg3 Nxb3 19. Rh3 h6 20. axb3 Rc8 21. Rc1 Qe8 22. Nf6 Qc6 23. Ng4 Kh7 24. Nxh6 g6 25. Qh4 Qxe4 26. Ng4+ 1-0

[Event "Commonwealth op"]
[Site "Singapore"]
[Date "2009.12.14"]
[Round "9"]
[White "Koh, Jonathan"]
[Black "Chua, Zheng Yuan Terry"]
[Result "1/2-1/2"]
[WhiteElo "2211"]
[BlackElo "2256"]
[PlyCount "60"]
[EventDate "2009.12.10"]
[EventType "swiss"]
[EventRounds "9"]
[EventCountry "SIN"]
[SourceTitle "CBM 133 Extra"]
[Source "ChessBase"]
[SourceDate "2010.01.05"]
[SourceVersion "1"]
[SourceVersionDate "2010.01.05"]
[SourceQuality "1"]

1. e4 c5 2. Nf3 d6 3. d4 cxd4 4. Nxd4 Nf6 5. Nc3 g6 6. g3 Nc6 7. Nde2 Bd7 8. Bg2 Qc8 9. Nf4 Bg7 10. 0-0 h5 11. h4 Ng4 12. Nfd5 Nge5 13. Nb5 0-0 14. Bg5 f6 15. Be3 Rf7 16. Qe2 Bg4 17. f3 Bd7 18. Rad1 Qf8 19. c4 f5 20. exf5 Bxf5 21. c5 dxc5 22. Bxc5 b6 23. Be3 Rd8 24. Nf4 e6 25. b3 Bh6 26. Nd4 Bxf4 27. gxf4 Nxd4 28. Bxd4 Nc6 29. Ba1 Rfd7 30. Rxd7 Rxd7 1/2-1/2

[Event "Commonwealth op"]
[Site "Singapore"]
[Date "2009.12.13"]
[Round "8"]
[White "Neubronner, Jarred Jason"]
[Black "Koh, Jonathan"]
[Result "1/2-1/2"]
[WhiteElo "2215"]
[BlackElo "2211"]
[PlyCount "54"]
[EventDate "2009.12.10"]
[EventType "swiss"]
[EventRounds "9"]
[EventCountry "SIN"]
[SourceTitle "CBM 133 Extra"]
[Source "ChessBase"]
[SourceDate "2010.01.05"]
[SourceVersion "1"]
[SourceVersionDate "2010.01.05"]
[SourceQuality "1"]

1. e4 c5 2. Nf3 Nc6 3. d4 cxd4 4. Nxd4 Nf6 5. Nc3 d6 6. Bc4 e6 7. Bb3 Be7 8. Be3 a6 9. Qe2 0-0 10. 0-0-0 Qc7 11. Rhg1 Na5 12. g4 Nxb3+ 13. axb3 Nd7 14. g5 b5 15. f4 b4 16. Na4 Nc5 17. f5 Re8 18. g6 Bf6 19. gxh7+ Kh8 20. fxe6 Bxe6 21. Nxc5 dxc5 22. Nf3 c4 23. e5 Bxe5 24. Nxe5 Qxe5 25. Qf2 f6 26. Bd4 Qf5 27. bxc4 Qxf2 1/2-1/2

[Event "Singapore Vision IM 8th"]
[Site "Singapore"]
[Date "2009.03.21"]
[Round "8"]
[White "Koh, Jonathan"]
[Black "Ranola, Yves"]
[Result "0-1"]
[WhiteElo "2237"]
[BlackElo "2390"]
[PlyCount "140"]
[EventDate "2009.03.18"]
[EventType "tourn"]
[EventRounds "10"]
[EventCountry "SIN"]
[EventCategory "3"]
[SourceTitle "EXT 2022"]
[Source "ChessBase"]
[SourceDate "2021.10.06"]
[SourceVersion "1"]
[SourceVersionDate "2021.10.06"]
[SourceQuality "1"]

1. e4 c5 2. Nf3 Nc6 3. d4 cxd4 4. Nxd4 g6 5. c4 Bg7 6. Be3 Nf6 7. Nc3 Ng4 8. Qxg4 Nxd4 9. Qd1 Ne6 10. Be2 Bxc3+ 11. bxc3 Qc7 12. 0-0 b6 13. f4 Bb7 14. f5 Nc5 15. Qd4 f6 16. Bf4 d6 17. Bf3 0-0-0 18. Rab1 g5 19. Be3 g4 20. Bxg4 Bxe4 21. Rbe1 Qc6 22. Bf3 Bxf3 23. Rxf3 Rhg8 24. Qd5 Qxd5 25. cxd5 Nd3 26. Rd1 Ne5 27. Rh3 Rg7 28. Bh6 Rf7 29. Rg3 Kd7 30. Rd4 Rc8 31. Kf1 Rc5 32. Ke2 Rb5 33. h3 Kc7 34. Rg8 Rb1 35. Rb4 Ra1 36. Ra4 Kb7 37. c4 Rb1 38. Rf8 Rb2+ 39. Kf1 Rb1+ 40. Kf2 Rb2+ 41. Kg3 Re2 42. Rxf7 Nxf7 43. Bf8 Re4 44. Ra3 h5 45. Kf3 Ng5+ 46. Kf2 Rxc4 47. Bxe7 Rf4+ 48. Kg1 Rxf5 49. Bxd6 Rxd5 50. Be7 Ne4 51. Re3 Rd4 52. Rf3 Ra4 53. Rf4 b5 54. a3 Kc6 55. Bxf6 Nxf6 56. Rxf6+ Kc5 57. Rf3 a5 58. Kf2 b4 59. axb4+ axb4 60. g4 h4 61. Ke2 Ra3 62. Rf5+ Kc4 63. Rf4+ Kc3 64. g5 b3 65. g6 Ra8 66. g7 b2 67. Rf3+ Kc2 68. Rf8 b1Q 69. g8Q Qb5+ 70. Kf3 Rxf8+ 0-1

[Event "Singapore Vision IM 8th"]
[Site "Singapore"]
[Date "2009.03.19"]
[Round "3"]
[White "Ranola, Yves"]
[Black "Koh, Jonathan"]
[Result "1-0"]
[WhiteElo "2390"]
[BlackElo "2237"]
[PlyCount "91"]
[EventDate "2009.03.18"]
[EventType "tourn"]
[EventRounds "10"]
[EventCountry "SIN"]
[EventCategory "3"]
[SourceTitle "EXT 2022"]
[Source "ChessBase"]
[SourceDate "2021.10.06"]
[SourceVersion "1"]
[SourceVersionDate "2021.10.06"]
[SourceQuality "1"]

1. e4 c5 2. Nf3 d6 3. c3 Nf6 4. Bd3 Nc6 5. Bc2 e5 6. h3 g6 7. d4 cxd4 8. cxd4 Bg7 9. dxe5 dxe5 10. Qxd8+ Kxd8 11. Nc3 Ke7 12. Be3 b6 13. Ba4 Bb7 14. Bg5 Kf8 15. Rd1 Rc8 16. 0-0 h6 17. Bh4 a6 18. Bxc6 Bxc6 19. Nxe5 Nxe4 20. Nxc6 Nxc3 21. bxc3 g5 22. Rd6 gxh4 23. Rfd1 Bxc3 24. R1d3 Ba1 25. Rd1 Bc3 26. Kf1 Kg7 27. Ne7 Rc5 28. Nd5 Be5 29. Rxb6 Rd8 30. Ne3 Rxd1+ 31. Nxd1 Ra5 32. Rc6 Rxa2 33. Ne3 Kh7 34. Nf5 Bg7 35. Rc7 Kg8 36. Rc4 a5 37. Rg4 a4 38. Rxg7+ Kf8 39. Rh7 Kg8 40. Rxh6 a3 41. Ra6 Kh7 42. Nxh4 Kg7 43. Nf5+ Kh7 44. g4 Kg8 45. Kg2 Ra1 46. h4 1-0

[Event "Singapore Masters 5th"]
[Site "Singapore"]
[Date "2008.12.12"]
[Round "6"]
[White "Chan, Yi Ren Daniel"]
[Black "Koh, Jonathan"]
[Result "1/2-1/2"]
[WhiteElo "2260"]
[BlackElo "2155"]
[PlyCount "68"]
[EventDate "2008.12.10"]
[EventType "swiss"]
[EventRounds "9"]
[EventCountry "SIN"]
[SourceTitle "CBM 127 Extra"]
[Source "ChessBase"]
[SourceDate "2009.01.08"]
[SourceVersion "2"]
[SourceVersionDate "2009.01.28"]
[SourceQuality "1"]

1. e4 c5 2. Nf3 d6 3. d4 cxd4 4. Nxd4 Nf6 5. Nc3 g6 6. f3 Bg7 7. Be3 0-0 8. Qd2 Nc6 9. Bc4 Bd7 10. 0-0-0 Ne5 11. Bb3 Rc8 12. h4 h5 13. Bh6 Nc4 14. Bxc4 Rxc4 15. Bxg7 Kxg7 16. g4 hxg4 17. h5 Rh8 18. hxg6 fxg6 19. f4 e5 20. Nb3 Rxh1 21. Rxh1 Nxe4 22. Nxe4 Rxe4 23. fxe5 Rxe5 24. Qh6+ Kf7 25. Qh7+ Kf6 26. Rf1+ Kg5 27. Rh1 Kf6 28. Rf1+ Kg5 29. Qh2 Bf5 30. Rh1 Kf6 31. Nd4 Qe8 32. Qh4+ Kg7 33. Qh6+ Kf6 34. Qh4+ Kg7 1/2-1/2

[Event "Singapore Masters 5th"]
[Site "Singapore"]
[Date "2008.12.12"]
[Round "5"]
[White "Koh, Jonathan"]
[Black "Anasrullah"]
[Result "1-0"]
[WhiteElo "2155"]
[BlackElo "2290"]
[PlyCount "61"]
[EventDate "2008.12.10"]
[EventType "swiss"]
[EventRounds "9"]
[EventCountry "SIN"]
[SourceTitle "CBM 127 Extra"]
[Source "ChessBase"]
[SourceDate "2009.01.08"]
[SourceVersion "2"]
[SourceVersionDate "2009.01.28"]
[SourceQuality "1"]

1. e4 e5 2. Nf3 Nc6 3. d4 exd4 4. Nxd4 Nf6 5. Nxc6 bxc6 6. e5 Qe7 7. Qe2 Nd5 8. c4 Ba6 9. b3 g5 10. Ba3 c5 11. g3 0-0-0 12. Bg2 Nb6 13. 0-0 Bg7 14. Bb2 Rde8 15. Re1 f6 16. a4 c6 17. Qd2 fxe5 18. Qa5 Kb7 19. Nd2 d5 20. cxd5 cxd5 21. Nc4 Bxc4 22. bxc4 e4 23. Bxg7 Qxg7 24. cxd5 Qd4 25. Qb5 Ref8 26. Ra2 Qc4 27. Qc6+ Kb8 28. Rb2 Qd4 29. Rxb6+ axb6 30. Qxb6+ Ka8 31. Qa6+ 1-0

[Event "Singapore Masters 5th"]
[Site "Singapore"]
[Date "2008.12.11"]
[Round "3"]
[White "Koh, Jonathan"]
[Black "Nguyen, Van Huy"]
[Result "0-1"]
[WhiteElo "2155"]
[BlackElo "2422"]
[PlyCount "71"]
[EventDate "2008.12.10"]
[EventType "swiss"]
[EventRounds "9"]
[EventCountry "SIN"]
[SourceTitle "CBM 127 Extra"]
[Source "ChessBase"]
[SourceDate "2009.01.08"]
[SourceVersion "2"]
[SourceVersionDate "2009.01.28"]
[SourceQuality "1"]

1. e4 c5 2. Nf3 Nc6 3. d4 cxd4 4. Nxd4 g6 5. c4 Bg7 6. Be3 Nf6 7. Nc3 d6 8. Be2 0-0 9. 0-0 Bd7 10. Rc1 Nxd4 11. Bxd4 Bc6 12. f3 a5 13. Kh1 Nd7 14. Be3 Nc5 15. Qd2 a4 16. Nd5 Bxd5 17. cxd5 Qa5 18. Rfd1 b6 19. Rc4 f5 20. Qc1 fxe4 21. Bd2 Qa7 22. Be3 exf3 23. Bxf3 Qa5 24. h4 Qb5 25. Bd4 Nd7 26. Bxg7 Kxg7 27. h5 Ne5 28. Rh4 Rac8 29. Qe3 Rc4 30. Rh3 Rcf4 31. Rc1 g5 32. h6+ Kh8 33. Rh5 Nxf3 34. Qxe7 Qxb2 35. Rf1 Qe5 36. Qc7 0-1

[Event "Singapore Masters 5th"]
[Site "Singapore"]
[Date "2008.12.10"]
[Round "1"]
[White "Koh, Jonathan"]
[Black "Sadorra, Julio Catalino"]
[Result "1-0"]
[WhiteElo "2155"]
[BlackElo "2431"]
[PlyCount "75"]
[EventDate "2008.12.10"]
[EventType "swiss"]
[EventRounds "9"]
[EventCountry "SIN"]
[SourceTitle "CBM 127 Extra"]
[Source "ChessBase"]
[SourceDate "2009.01.08"]
[SourceVersion "2"]
[SourceVersionDate "2009.01.28"]
[SourceQuality "1"]

1. e4 e6 2. d4 d5 3. Nc3 Bb4 4. exd5 exd5 5. Bd3 Nc6 6. a3 Bxc3+ 7. bxc3 Be6 8. Nf3 Nge7 9. Qe2 0-0 10. Bg5 Qd7 11. 0-0 f6 12. Bf4 Bg4 13. h3 Bh5 14. Rfe1 Ng6 15. Bg3 Rae8 16. Qf1 Bxf3 17. gxf3 f5 18. Rxe8 Rxe8 19. Qc1 f4 20. Bxg6 hxg6 21. Qxf4 Qxh3 22. Qxc7 Re7 23. Qf4 Rf7 24. Qg5 Rf8 25. Qg4 Qxg4 26. fxg4 Rf3 27. c4 dxc4 28. d5 Na5 29. Rd1 Rf7 30. Be5 Rd7 31. Kg2 b5 32. Kf3 Nb7 33. Ke4 Kf7 34. Kd4 Nd6 35. Bxd6 Rxd6 36. Kc5 Ra6 37. Re1 Kf6 38. Re2 1-0

[Event "WchT Schools 4th"]
[Site "Singapore"]
[Date "2008.07.30"]
[Round "9.3"]
[White "Hattingh, Angelique"]
[Black "Koh, Jonathan"]
[Result "0-1"]
[WhiteElo "1836"]
[BlackElo "2124"]
[PlyCount "138"]
[EventDate "2008.07.23"]
[EventType "team-swiss"]
[EventRounds "9"]
[EventCountry "SIN"]
[SourceTitle "EXT 2009"]
[Source "ChessBase"]
[SourceDate "2008.11.26"]
[SourceVersion "1"]
[SourceVersionDate "2008.11.26"]
[SourceQuality "1"]

1. e4 c5 2. Nf3 Nc6 3. d4 cxd4 4. Nxd4 Nf6 5. Nc3 d6 6. Be2 e5 7. Nb3 Be6 8. Be3 d5 9. exd5 Nxd5 10. Nxd5 Bxd5 11. 0-0 Be7 12. Qd2 0-0 13. Rad1 Be6 14. Bf3 Qc7 15. a3 Rac8 16. Be4 Rfd8 17. Qe2 f5 18. Bd3 Na5 19. Nxa5 Qxa5 20. f3 Qc7 21. Kh1 Bf6 22. c3 Rd6 23. Qc2 Rcd8 24. Rd2 a6 25. Rfd1 g6 26. Qc1 Qc6 27. Bc2 Rxd2 28. Bxd2 Rd6 29. Re1 Qd7 30. Be3 Bh4 31. Rf1 Bc4 32. Rd1 Rxd1+ 33. Qxd1 Qxd1+ 34. Bxd1 Kf7 35. Bc2 Be7 36. Kg1 Ke6 37. Kf2 h5 38. g3 g5 39. f4 gxf4 40. gxf4 Bh4+ 41. Kg2 Bd5+ 42. Kh3 Be1 43. Bd1 h4 44. Bc2 b5 45. Bd3 Bc4 46. Bxc4+ bxc4 47. Kg2 h3+ 48. Kxh3 Kd5 49. fxe5 Kxe5 50. Kg2 Ke4 51. Bg5 f4 52. h4 Bd2 53. Kf2 Be3+ 54. Kf1 Bc1 55. h5 Kf5 56. h6 Bxb2 57. Be7 Bxc3 58. Bd6 Bb2 59. h7 Kg6 60. h8Q Bxh8 61. Bxf4 Bb2 62. a4 Kf5 63. Bh6 c3 64. Ke2 c2 65. Kd3 c1Q 66. Bxc1 Bxc1 67. Kc4 a5 68. Kb5 Bd2 69. Kb6 Ke4 0-1

[Event "WchT Schools 4th"]
[Site "Singapore"]
[Date "2008.07.29"]
[Round "8.1"]
[White "Koh, Jonathan"]
[Black "Bhakti, Kulkarni"]
[Result "0-1"]
[WhiteElo "2124"]
[BlackElo "2166"]
[PlyCount "94"]
[EventDate "2008.07.23"]
[EventType "team-swiss"]
[EventRounds "9"]
[EventCountry "SIN"]
[SourceTitle "EXT 2009"]
[Source "ChessBase"]
[SourceDate "2008.11.26"]
[SourceVersion "1"]
[SourceVersionDate "2008.11.26"]
[SourceQuality "1"]

1. e4 e5 2. Nf3 Nc6 3. d4 exd4 4. Nxd4 Bb4+ 5. c3 Be7 6. Nf5 Bf6 7. Ne3 Bg5 8. g3 Bxe3 9. Bxe3 Qe7 10. Bg2 Nf6 11. Nd2 d6 12. h3 Be6 13. c4 Nd7 14. 0-0 0-0 15. a3 Nb6 16. Rc1 Qf6 17. Qc2 Qg6 18. b3 f6 19. Nf3 Qh5 20. Nh4 Ne7 21. Bf3 Qe8 22. Nf5 g6 23. Nh6+ Kh8 24. Kh2 Ng8 25. Nxg8 Kxg8 26. c5 dxc5 27. Bxc5 Rf7 28. Rfe1 Nd7 29. Be3 c5 30. Be2 b6 31. Red1 Qe7 32. Rd2 Rff8 33. Rcd1 Rfd8 34. f4 Nf8 35. b4 cxb4 36. Rxd8 Rxd8 37. Rxd8 Qxd8 38. axb4 Qc8 39. Qa4 Qc3 40. Bf2 Qd2 41. Qb5 Kg7 42. Kg2 Qc1 43. Bf3 Bc4 44. Qe8 Qf1+ 45. Kh2 Qxf2+ 46. Bg2 Bf1 47. Qe7+ Kg8 0-1

[Event "Singapore U20-Myanmar 2nd"]
[Site "Singapore"]
[Date "2008.04.26"]
[Round "6"]
[White "Wynn, Zaw Htung"]
[Black "Koh, Jonathan"]
[Result "1-0"]
[WhiteElo "2542"]
[BlackElo "2076"]
[PlyCount "72"]
[EventDate "2008.04.19"]
[EventType "schev"]
[EventRounds "12"]
[EventCountry "SIN"]
[SourceTitle "EXT 2022"]
[Source "ChessBase"]
[SourceDate "2021.10.06"]
[SourceVersion "1"]
[SourceVersionDate "2021.10.06"]
[SourceQuality "1"]
[WhiteTeam "Myanmar"]
[BlackTeam "Singapore (U20)"]
[WhiteTeamCountry "MYA"]
[BlackTeamCountry "SIN"]

1. e4 c5 2. Nc3 Nc6 3. f4 e6 4. Nf3 g6 5. Bb5 Nge7 6. 0-0 Bg7 7. f5 gxf5 8. Bxc6 dxc6 9. d3 h6 10. Qe1 fxe4 11. dxe4 Ng6 12. Be3 Qe7 13. Qg3 b6 14. e5 Ba6 15. Rfd1 Rd8 16. Ne4 Rxd1+ 17. Rxd1 Be2 18. Nf6+ Bxf6 19. exf6 Qxf6 20. Qb8+ Ke7 21. Qd6+ Ke8 22. Bxh6 Bxd1 23. Bg5 Qxg5 24. Nxg5 Bxc2 25. Qc7 Rf8 26. Nh7 Rh8 27. Qxc6+ Kd8 28. Qa8+ Kc7 29. Qxa7+ Kc6 30. Qxf7 Bf5 31. Ng5 Rf8 32. Qg7 Rd8 33. Nf3 Nf4 34. Kf2 Rd1 35. g4 Be4 36. Qf6 Rd3 1-0

[Event "Singapore U20-Myanmar 2nd"]
[Site "Singapore"]
[Date "2008.04.19"]
[Round "2"]
[White "Nay, Oo Kyaw Tun"]
[Black "Koh, Jonathan"]
[Result "1/2-1/2"]
[WhiteElo "2485"]
[BlackElo "2076"]
[PlyCount "84"]
[EventDate "2008.04.19"]
[EventType "schev"]
[EventRounds "12"]
[EventCountry "SIN"]
[SourceTitle "EXT 2022"]
[Source "ChessBase"]
[SourceDate "2021.10.06"]
[SourceVersion "1"]
[SourceVersionDate "2021.10.06"]
[SourceQuality "1"]
[WhiteTeam "Myanmar"]
[BlackTeam "Singapore (U20)"]
[WhiteTeamCountry "MYA"]
[BlackTeamCountry "SIN"]

1. e4 c5 2. c3 d5 3. exd5 Qxd5 4. d4 Nf6 5. Nf3 Bg4 6. Be2 e6 7. h3 Bh5 8. 0-0 Nc6 9. Na3 Be7 10. Be3 cxd4 11. Nb5 Qd7 12. Nfxd4 Nxd4 13. Nxd4 Bxe2 14. Qxe2 0-0 15. Rad1 Qc7 16. c4 Rac8 17. b3 a6 18. Bg5 Rfd8 19. Nf3 Ne8 20. Bxe7 Qxe7 21. Rxd8 Rxd8 22. Rd1 Rxd1+ 23. Qxd1 Qd6 24. Qe2 Nf6 25. Qe3 Nd7 26. Qa7 Qd1+ 27. Kh2 Qd6+ 28. Kh1 Qb6 29. Qa8+ Nf8 30. Kg1 Qc7 31. Qe8 Qd6 32. Qc8 Qd1+ 33. Kh2 Qd6+ 34. g3 Qd7 35. Qb8 f6 36. h4 e5 37. Ne1 Kf7 38. Ng2 Ne6 39. Ne3 Nd4 40. Nd5 Nf3+ 41. Kg2 Nxh4+ 42. gxh4 Qg4+ 1/2-1/2

[Event "Singapore Masters 4th"]
[Site "Singapore"]
[Date "2007.12.17"]
[Round "2"]
[White "Koh, Jonathan"]
[Black "Corke, Anya Sun"]
[Result "0-1"]
[WhiteElo "2090"]
[BlackElo "2209"]
[PlyCount "132"]
[EventDate "2007.12.17"]
[EventType "swiss"]
[EventRounds "9"]
[EventCountry "SIN"]
[SourceTitle "CBM 121 Extra"]
[Source "ChessBase"]
[SourceDate "2008.01.10"]
[SourceVersion "1"]
[SourceVersionDate "2008.01.10"]
[SourceQuality "1"]

1. e4 e6 2. d4 d5 3. Nd2 Nf6 4. e5 Nfd7 5. f4 c5 6. c3 Nc6 7. Ndf3 Qb6 8. Ne2 Be7 9. g3 a5 10. Bh3 g6 11. 0-0 Ndb8 12. Kh1 Bd7 13. Rb1 Na6 14. Be3 a4 15. g4 h5 16. Ng3 hxg4 17. Bxg4 Na5 18. b3 axb3 19. axb3 cxd4 20. Bxd4 Qc7 21. f5 gxf5 22. Bxf5 Nc6 23. Bc2 Nxd4 24. Qxd4 Nb4 25. Rfc1 Na2 26. Ra1 Ra6 27. Rf1 Qxc3 28. Qxc3 Nxc3 29. Bd3 Nb5 30. Rfc1 Rxa1 31. Rxa1 Nc7 32. Ra7 Bc6 33. Nd4 Kd7 34. Ra1 f6 35. Nxc6 bxc6 36. exf6 Bxf6 37. Rf1 Ke7 38. Kg2 Ra8 39. Nh5 Bd4 40. h4 Ra2+ 41. Kh3 Rb2 42. Rb1 Rd2 43. Bg6 e5 44. Ng3 Ne6 45. Kg4 Rg2 46. h5 e4 47. Rh1 Be5 48. Rh3 Nf4 49. Rh4 Nxg6 50. hxg6 Rxg3+ 51. Kf5 Bg7 52. Rh2 Rf3+ 53. Kg4 Rxb3 54. Ra2 Rb7 55. Kf5 e3 56. Kf4 d4 57. Ke4 Ke6 58. Rc2 Kd6 59. Ra2 e2 60. Rxe2 Re7+ 61. Kd3 Rxe2 62. Kxe2 Kd5 63. Kd2 c5 64. Kc2 c4 65. Kd1 Ke4 66. Kc2 Ke3 0-1